Guess the Year From the Songs - Statistics

General Stats
  • This quiz has been taken 110 times
  • The average score is 9 of 10
Answer Stats
Hint Answer % Correct
Not Afraid - Eminem / Teenage Dream - Katy Perry / Bad Romance - Lady Gaga / Empire State of Mind - Jay-Z ft Alicia Keys 2010
95%
Shape of You - Ed Sheeran / Heathens - Twenty One Pilots / Say You Won't Let Go - James Arthur / Despacito (Remix) - Luis Fonsi & Daddy Yankee ft Justin Bieber 2017
93%
You're Still the One - Shania Twain / My Heart Will Go On - Celine Dion / Gettin' Jiggy wit It - Will Smith / Truly Madly Deeply - Savage Garden 1998
90%
As It Was - Harry Styles / Heat Waves - Glass Animals / Bad Habits - Ed Sheeran / Levitating - Dua Lipa 2022
90%
Stayin' Alive - Bee Gees / You're the One That I Want - John Travolta & Olivia Newton-John / We Are the Champions - Queen / Three Times a Lady - Commodores 1978
89%
It Must Have Been Love - Roxette / Blaze of Glory - Jon Bon Jovi / Ice Ice Baby - Vanilla Ice / Nothing Compares 2 U - Sinéad O'Connor 1990
87%
If I Ain't Got You - Alicia Keys / Hey Ya! - OutKast / My Immortal - Evanescence / She Will Be Loved - Maroon 5 2004
87%
Careless Whisper - George Michael / We Are the World - USA for Africa / Heaven - Bryan Adams / I Want to Know What Love Is - Foreigner 1985
85%
Suspicious Minds - Elvis Presley / Sweet Caroline - Neil Diamond / Sugar, Sugar - The Archies / I Heard It Through the Grapevine - Marvin Gaye 1969
84%
Physical - Olivia Newton-John / Eye of the Tiger - Survivor / Chariots of Fire - Vangelis / Ebony and Ivory - Paul McCartney & Stevie Wonder 1982
84%
No matching quizzes found
Score Distribution
Percent of People with Each Score
Percentile by Number Answered
Your Score History
You have not taken this quiz